Surnoms équipes de football - Statistiques

Statistiques générales
  • Ce quiz a été pris 537 fois
  • Le résultat moyen est 9 sur 34
Statistiques - réponses
Pays Surnoms % Correct
France Les Bleus
94%
Espagne La Roja
84%
Belgique Les Diables rouges
81%
Algérie Les Fennecs
48%
Angleterre The Three Lions
48%
Côte d’Ivoire Les Éléphants
46%
Allemagne Die Nationalmannschaft
45%
Brésil Seleção
43%
Cameroun Les Lions Indomptables
38%
Égypte Les Pharaons
38%
Pays-Bas Oranje
37%
Uruguay La Celeste
35%
Italie Azzurri
33%
Argentine La Albiceleste
31%
Suisse La Nati
29%
Portugal La Selecção
29%
Sénégal Les Lions de la Teranga
24%
Tunisie Les Aigles de Carthage
22%
Afrique du Sud Bafana Bafana
21%
Ghana Black Stars
20%
Nigeria Super Eagles
14%
Maroc Lion de l'Atlas
12%
Togo Les Éperviers
8%
Bénin Les Écureuils
7%
Rép. dém. du Congo Les Léopards
7%
Gabon Les Panthères
7%
Japon Les Samouraïs Bleus
4%
Colombie Los Cafeteros
3%
Mexique El Tri
2%
États-Unis Les Yankees
2%
Danemark Danish Dynamite
1%
Autriche Das Team
1%
Costa Rica Los Ticos
1%
Irlande du Nord Green & White Army
0%
Aucun quiz correspondant
Distribution des résultats
% des personnes avec chaque résultat
Percentile par nombre de réponses
Votre historique - résultats
Vous n’avez pas pris ce quiz